00257 a2200109 4500001000700000020000600007040001100013100002700024240004600051245004100097362000900138168174 a  cMagnum aNovoa, Antonio (Coord)10aAs organizacoes escolares em analiselpor10aAs organizacoes escolares em analise0 a1899